000 00665cam a22002293a 4500
001 33442
003 PGUSA
005 20140828083725.0
008 100815s2010||||xxu|||||s|||||000 | eng d
040 _aPGUSA
_beng
042 _adc
100 1 _aMolière,
_d1622-1673
245 1 0 _aΟ Αρχοντοχωριάτης
_h[electronic resource] /
_cMolière
260 _bProject Gutenberg,
_c2010
506 _aPublic domain in the USA.
516 _aElectronic text
700 1 _aPolemes, Ioannes,
_d1862-1924
740 0 _aLe Bourgeois Gentilhomme. Greek
830 0 _aProject Gutenberg
_v33442
856 4 0 _uhttp://www.gutenberg.org/ebooks/33442
942 _cEB
999 _c262697
_d262697